[Event "Titled Tuesday intern op 26th Mar Late"]
[Site "Chess.com INT"]
[Date "2024.03.26"]
[Round "1"]
[White "Handigol, Abhishek"]
[Black "Aghasiyev, Kamal"]
[Result "0-1"]
[WhiteElo "1950"]
[BlackElo "2441"]
[PlyCount "188"]
[EventDate "2024.03.26"]
[EventType "swiss (blitz)"]
[EventRounds "11"]
[EventCountry "USA"]
[SourceTitle "EXT 2025"]
[Source "ChessBase"]
[SourceDate "2024.10.14"]
[SourceVersion "1"]
[SourceVersionDate "2024.10.14"]
[SourceQuality "1"]

1. d4 d5 2. Bf4 Nf6 3. e3 e6 4. Nf3 Bd6 5. Ne5 0-0 6. Nd2 c5 7. c3 Qc7 8. Bd3 Nbd7 9. Ndf3 Ne4 10. 0-0 f6 11. Nxd7 Bxd7 12. Bxe4 Bxf4 13. Bxh7+ Kxh7 14. exf4 Qxf4 15. dxc5 Bc6 16. Nd4 Rae8 17. Qh5+ Qh6 18. Qf3 Bd7 19. Rfe1 a6 20. Rad1 Kg8 21. Re3 Qg5 22. Qe2 e5 23. Rg3 Qh6 24. Nc2 Be6 25. Nb4 Rd8 26. h3 Rd7 27. c6 bxc6 28. Qxa6 Qh5 29. Re1 Rd6 30. Nxc6 Qe8 31. Qb7 Rf7 32. Qb8 Qxb8 33. Nxb8 Rb7 34. b4 Rxb8 35. a4 d4 36. cxd4 Rxd4 37. a5 Rdxb4 38. Ra3 Rb3 39. Raa1 Ra8 40. Red1 Rb5 41. Rd6 Kf7 42. Rc1 Ra7 43. a6 Ra5 44. Rcc6 Ba2 45. Rb6 Bc4 46. Rb7+ Rxb7 47. axb7 Rb5 48. Rd7+ Kg6 49. Kh2 Be6 50. Re7 Bd5 51. Rd7 Bxb7 52. Kg3 Rb3+ 53. f3 e4 54. h4 exf3 55. gxf3 Bxf3 56. Kf4 Bh5 57. Rc7 Rb4+ 58. Kg3 Rg4+ 59. Kh3 f5 60. Rc6+ Kh7 61. Rd6 g6 62. Rd7+ Kh6 63. Rd6 Re4 64. Rc6 f4 65. Rf6 Kg7 66. Rc6 Re3+ 67. Kh2 Re2+ 68. Kh3 f3 69. Rc1 f2 70. Rf1 Kf6 71. Kg2 Kf5 72. Rxf2+ Rxf2+ 73. Kxf2 Kg4 74. Kg2 Kxh4 75. Kh2 g5 76. Kg2 Bf7 77. Kh2 g4 78. Kg2 Bd5+ 79. Kf2 Kh3 80. Ke3 g3 81. Kd4 Ba8 82. Ke5 g2 83. Kd6 g1Q 84. Ke5 Qg3+ 85. Kf5 Bd5 86. Kf6 Qf4+ 87. Ke7 Qe5+ 88. Kd7 Qe6+ 89. Kc7 Qc6+ 90. Kd8 Kg4 91. Ke7 Kf5 92. Kf8 Qb7 93. Ke8 Ke6 94. Kf8 Qf7# 0-1

[Event "Titled Tuesday intern op 26th Mar Late"]
[Site "Chess.com INT"]
[Date "2024.03.26"]
[Round "7"]
[White "Handigol, Abhishek"]
[Black "Krzywda, Andrzej"]
[Result "0-1"]
[WhiteElo "1950"]
[BlackElo "2237"]
[PlyCount "76"]
[EventDate "2024.03.26"]
[EventType "swiss (blitz)"]
[EventRounds "11"]
[EventCountry "USA"]
[SourceTitle "EXT 2025"]
[Source "ChessBase"]
[SourceDate "2024.10.14"]
[SourceVersion "1"]
[SourceVersionDate "2024.10.14"]
[SourceQuality "1"]

1. d4 d5 2. Bf4 Nf6 3. e3 c5 4. Nf3 Nc6 5. Nbd2 cxd4 6. exd4 Qb6 7. Nb3 Bf5 8. a4 a6 9. a5 Qd8 10. Be2 e6 11. 0-0 Rc8 12. c3 Be7 13. Nh4 Be4 14. f3 Bg6 15. Nxg6 hxg6 16. Bd3 Bd6 17. Qd2 Qc7 18. Bxd6 Qxd6 19. g3 Nd7 20. f4 Ne7 21. Rfe1 Nf5 22. Bxf5 gxf5 23. Qd3 Kf8 24. Nd2 Nf6 25. Nf3 Ne4 26. Ne5 g6 27. Ra4 Kg7 28. Rb4 Qc7 29. Re2 Rh3 30. c4 Rch8 31. c5 Qxa5 32. Qb3 Qa1+ 33. Kg2 Rxh2+ 34. Kf3 Qh1+ 35. Ke3 Rxe2+ 36. Kxe2 Rh2+ 37. Kd3 Qf1+ 38. Ke3 Qe2# 0-1

[Event "Titled Tuesday intern op 26th Mar Late"]
[Site "Chess.com INT"]
[Date "2024.03.26"]
[Round "2"]
[White "Srdanovic, Jovana"]
[Black "Handigol, Abhishek"]
[Result "0-1"]
[WhiteElo "2149"]
[BlackElo "1950"]
[PlyCount "39"]
[EventDate "2024.03.26"]
[EventType "swiss (blitz)"]
[EventRounds "11"]
[EventCountry "USA"]
[SourceTitle "EXT 2025"]
[Source "ChessBase"]
[SourceDate "2024.10.14"]
[SourceVersion "1"]
[SourceVersionDate "2024.10.14"]
[SourceQuality "1"]

1. d4 Nf6 2. c4 e6 3. Nf3 d5 4. Nc3 Bb4 5. Bg5 h6 6. Bxf6 Qxf6 7. e3 0-0 8. Bd3 dxc4 9. Bxc4 c5 10. 0-0 Bxc3 11. bxc3 Nc6 12. Rc1 Rd8 13. Bd3 e5 14. Bb1 cxd4 15. cxd4 Bg4 16. Re1 exd4 17. exd4 Nxd4 18. Qd3 Nxf3+ 19. gxf3 Rxd3 20. fxg4 0-1

[Event "Sunnyvale Summer op"]
[Site "Sunnyvale"]
[Date "2023.07.01"]
[Round "2"]
[White "Caballero Quijano, Mitzy Mishell"]
[Black "Handigol, Abhishek"]
[Result "1/2-1/2"]
[WhiteElo "2041"]
[BlackElo "1872"]
[PlyCount "136"]
[EventDate "2023.07.01"]
[EventType "swiss"]
[EventRounds "7"]
[EventCountry "USA"]
[SourceTitle "EXT 2024"]
[Source "ChessBase"]
[SourceDate "2023.10.10"]
[SourceVersion "1"]
[SourceVersionDate "2023.10.10"]
[SourceQuality "1"]

1. d4 Nf6 2. Nf3 d5 3. c4 e6 4. g3 dxc4 5. Bg2 a6 6. 0-0 Nc6 7. e3 Rb8 8. Nfd2 e5 9. Bxc6+ bxc6 10. dxe5 Ng4 11. Nxc4 Be6 12. Qc2 Bxc4 13. Qxc4 Nxe5 14. Qe4 Qd5 15. Nc3 Qxe4 16. Nxe4 Be7 17. f4 Rb4 18. Nf2 Nc4 19. Nd3 Rb8 20. e4 0-0 21. b3 Rfd8 22. Rf3 Na3 23. Bb2 Nc2 24. Rc1 Nd4 25. Bxd4 Rxd4 26. Ne5 Rxe4 27. Nxc6 Re8 28. Nxe7+ R8xe7 29. Rfc3 Re1+ 30. Rxe1 Rxe1+ 31. Kf2 Ra1 32. Rc2 g6 33. Ke3 h5 34. Kd4 h4 35. Kc5 h3 36. Kd4 Kf8 37. Ke3 Ke8 38. g4 Kd7 39. Kf3 Rg1 40. Rc4 Rg2 41. Ra4 Rxh2 42. Kg3 Rh1 43. g5 Ke7 44. Rxa6 h2 45. Ra4 f6 46. gxf6+ Kxf6 47. Kg2 Rc1 48. Kxh2 Kf5 49. Kg3 Rc3+ 50. Kf2 Rc2+ 51. Ke3 Rc3+ 52. Ke2 Rc2+ 53. Kd3 Rh2 54. Ke3 Rh3+ 55. Kf2 Rd3 56. Kg2 Re3 57. Kf2 Rh3 58. Ke1 Rh2 59. Kd1 Rf2 60. Ke1 Rxf4 61. Rxf4+ Kxf4 62. Kf2 Ke4 63. Kg3 Kd4 64. Kf4 c5 65. a4 c4 66. bxc4 Kxc4 67. Kg5 Kb4 68. Kxg6 Kxa4 1/2-1/2

[Event "Windsor NAYCC U16"]
[Site "Windsor"]
[Date "2016.08.08"]
[Round "2.41"]
[White "Saha, Ananda"]
[Black "Handigol, Abhishek"]
[Result "0-1"]
[WhiteElo "2140"]
[BlackElo "1905"]
[PlyCount "80"]
[EventDate "2016.08.07"]
[EventType "swiss"]
[EventRounds "9"]
[EventCountry "CAN"]
[SourceTitle "EXT 2022"]
[Source "ChessBase"]
[SourceDate "2021.10.06"]
[SourceVersion "1"]
[SourceVersionDate "2021.10.06"]
[SourceQuality "1"]

1. d4 Nf6 2. c4 e6 3. Nc3 Bb4 4. e3 0-0 5. Bd3 d5 6. Nge2 c5 7. cxd5 exd5 8. a3 Bxc3+ 9. bxc3 Re8 10. 0-0 b6 11. Re1 Ba6 12. f3 Bxd3 13. Qxd3 Nc6 14. Ng3 Rc8 15. Bb2 h5 16. e4 cxd4 17. cxd4 h4 18. Nf5 g6 19. Nxh4 Nh5 20. g3 dxe4 21. fxe4 Ne5 22. Qe2 Nc4 23. Nf3 Nf6 24. e5 Qd5 25. Bc1 Na5 26. Bg5 Nb3 27. Bxf6 Nxa1 28. Rxa1 Rc6 29. Qf2 Rc3 30. Rf1 Rec8 31. g4 Kf8 32. e6 Qxe6 33. Ne5 Rh3 34. Bg5 Rc7 35. Qf4 Kg8 36. Bd8 Rc2 37. Rf2 Rxf2 38. Qxf2 Qd5 39. Bf6 Rxa3 40. Nf3 Qxf3 0-1

[Event "San Francisco Neil Falconer op"]
[Site "San Francisco"]
[Date "2013.08.20"]
[Round "3"]
[White "Bachseitz, Martin"]
[Black "Handigol, Abhishek"]
[Result "0-1"]
[WhiteElo "1631"]
[BlackElo "2008"]
[PlyCount "66"]
[EventDate "2013.08.06"]
[EventType "swiss"]
[EventRounds "9"]
[EventCountry "USA"]
[SourceTitle "EXT 2016"]
[Source "ChessBase"]
[SourceDate "2015.10.08"]
[SourceVersion "1"]
[SourceVersionDate "2015.10.08"]
[SourceQuality "1"]

1. e4 e5 2. Nf3 d5 3. exd5 Bd6 4. d4 e4 5. Ne5 Nf6 6. Bb5+ c6 7. dxc6 bxc6 8. Nxc6 Qb6 9. Nc3 Nxc6 10. d5 0-0 11. Bxc6 Bg4 12. Qd2 Rab8 13. 0-0 Rfd8 14. Re1 Bf5 15. h3 a6 16. Rb1 Be5 17. Na4 Qc7 18. b3 h6 19. Bb2 Bxb2 20. Rxb2 Qxc6 21. Qf4 Qxd5 22. c4 Qa5 23. Rc1 Bg6 24. c5 Nd5 25. Qe5 Nb4 26. Qc3 Qc7 27. Re2 Nd3 28. Rcc2 Nf4 29. Re1 e3 30. fxe3 Bxc2 31. exf4 Bg6 32. Qe5 Qc6 33. f5 Re8 0-1

[Event "Toronto NAYCC U14"]
[Site "Toronto"]
[Date "2013.08.16"]
[Round "5"]
[White "Ye, Hanyuan"]
[Black "Handigol, Abhishek"]
[Result "1/2-1/2"]
[WhiteElo "1971"]
[BlackElo "2023"]
[PlyCount "71"]
[EventDate "2013.08.14"]
[EventType "swiss"]
[EventRounds "9"]
[EventCountry "CAN"]
[SourceTitle "EXT 2022"]
[Source "ChessBase"]
[SourceDate "2021.10.06"]
[SourceVersion "1"]
[SourceVersionDate "2021.10.06"]
[SourceQuality "1"]

1. e4 e5 2. Nf3 d5 3. Nxe5 Bd6 4. d4 dxe4 5. Bc4 Bxe5 6. dxe5 Qxd1+ 7. Kxd1 Bg4+ 8. Be2 Bxe2+ 9. Kxe2 Nc6 10. Nc3 Nd4+ 11. Kd1 0-0-0 12. Bd2 f5 13. exf6 Nxf6 14. Kc1 Rhe8 15. Be3 Nf5 16. Re1 h6 17. h3 Nh4 18. Rg1 a6 19. b3 b5 20. Kb2 Nf5 21. Rad1 Nxe3 22. fxe3 b4 23. Na4 Nd5 24. Rge1 Kb7 25. c4 bxc3+ 26. Nxc3 Nb4 27. Rxd8 Rxd8 28. Re2 Re8 29. a3 Nd3+ 30. Kc2 Nc5 31. Rd2 Kc6 32. b4 Nd3 33. Kb3 Re5 34. a4 Kb6 35. Kc4 Re6 36. Nd5+ 1/2-1/2

[Event "San Francisco TNM Summer op"]
[Site "San Francisco"]
[Date "2013.06.25"]
[Round "5"]
[White "Handigol, Abhishek"]
[Black "Salvo, Tab"]
[Result "1-0"]
[WhiteElo "2002"]
[BlackElo "1668"]
[PlyCount "67"]
[EventDate "2013.05.28"]
[EventType "swiss"]
[EventRounds "8"]
[EventCountry "USA"]
[SourceTitle "EXT 2016"]
[Source "ChessBase"]
[SourceDate "2015.10.08"]
[SourceVersion "1"]
[SourceVersionDate "2015.10.08"]
[SourceQuality "1"]

1. e4 c5 2. b4 cxb4 3. d4 e6 4. Nf3 g6 5. Bd3 Bg7 6. 0-0 Ne7 7. Be3 0-0 8. Nbd2 Nbc6 9. Nb3 b6 10. Qd2 d5 11. e5 a5 12. Rad1 Ba6 13. Bh6 Nf5 14. Bxg7 Kxg7 15. g4 Nh4 16. Qe2 Nxf3+ 17. Qxf3 a4 18. Bxa6 Rxa6 19. Qe2 Qc8 20. Nc1 Ra8 21. Rd3 Qd8 22. f4 h6 23. f5 exf5 24. gxf5 gxf5 25. Rxf5 Ne7 26. Rg3+ Ng6 27. Qh5 Qe8 28. Rf6 Rh8 29. Qf5 Ra7 30. e6 Rg8 31. exf7 Qe1+ 32. Kg2 Qe4+ 33. Qxe4 dxe4 34. Rgxg6+ 1-0

[Event "San Francisco TNM Summer op"]
[Site "San Francisco"]
[Date "2013.06.18"]
[Round "4"]
[White "James, Charles"]
[Black "Handigol, Abhishek"]
[Result "0-1"]
[WhiteElo "1503"]
[BlackElo "2002"]
[PlyCount "52"]
[EventDate "2013.05.28"]
[EventType "swiss"]
[EventRounds "8"]
[EventCountry "USA"]
[SourceTitle "EXT 2016"]
[Source "ChessBase"]
[SourceDate "2015.10.08"]
[SourceVersion "1"]
[SourceVersionDate "2015.10.08"]
[SourceQuality "1"]

1. d4 d5 2. c4 e5 3. dxe5 d4 4. Nf3 Nc6 5. a3 f6 6. Bf4 g5 7. Bg3 g4 8. Nfd2 fxe5 9. f3 Nf6 10. Qc2 Be6 11. f4 exf4 12. Bxf4 Qd7 13. e4 0-0-0 14. Bd3 Be7 15. e5 Nh5 16. g3 Nxf4 17. gxf4 Bh4+ 18. Kd1 Rhf8 19. Rf1 Ne7 20. Ne4 Nf5 21. Qb3 Ne3+ 22. Kc1 Nxf1 23. Nc5 Qc6 24. Be4 Qxc5 25. Qxb7+ Kd7 26. Bd5 Bxd5 0-1

[Event "San Francisco TNM Summer op"]
[Site "San Francisco"]
[Date "2013.06.04"]
[Round "2"]
[White "Olson, David L"]
[Black "Handigol, Abhishek"]
[Result "0-1"]
[WhiteElo "1519"]
[BlackElo "2002"]
[PlyCount "44"]
[EventDate "2013.05.28"]
[EventType "swiss"]
[EventRounds "8"]
[EventCountry "USA"]
[SourceTitle "EXT 2016"]
[Source "ChessBase"]
[SourceDate "2015.10.08"]
[SourceVersion "1"]
[SourceVersionDate "2015.10.08"]
[SourceQuality "1"]

1. e4 e5 2. Bc4 c6 3. Qf3 Nf6 4. Nh3 d5 5. exd5 cxd5 6. Bb3 Bc5 7. d3 h6 8. 0-0 0-0 9. Nc3 Be6 10. Re1 Nc6 11. Bd2 Qd7 12. Bxh6 Nd4 13. Qg3 Nf5 14. Qg5 Nxh6 15. Rxe5 Bd6 16. Re2 Bxh3 17. gxh3 Qxh3 18. f4 Bc5+ 19. Kh1 Nhg4 20. Nxd5 Qf3+ 21. Rg2 Nf2+ 22. Kg1 Nh3+ 0-1